[Event "Uxbridge Major"]
[Site "Denham Grove"]
[Date "2010.03.21"]
[Round "5"]
[White "Booley, Graham M"]
[Black "Pataki, Zemplen"]
[Result "0-1"]
[WhiteElo "1906"]
[BlackElo "1749"]
[PlyCount "28"]
[EventDate "2010.03.19"]
[EventType "swiss"]
[EventRounds "5"]
[EventCountry "ENG"]

1. e4 c5 2. Nc3 e6 3. g3 d5 4. exd5 exd5 5. d4 cxd4 6. Qxd4 Nf6 7. Bg5 Be7 8.
O-O-O Nc6 9. Bb5 O-O 10. Qd2 Qb6 11. Re1 d4 12. Bxc6 Qxc6 13. Bxf6 dxc3 14.
Qxc3 Qxf6 0-1

[Event "Uxbridge Major"]
[Site "Denham Grove"]
[Date "2010.03.21"]
[Round "5"]
[White "Boudkeev, Timour"]
[Black "Colter, Nigel"]
[Result "1/2-1/2"]
[WhiteElo "1813"]
[BlackElo "1804"]
[PlyCount "26"]
[EventDate "2010.03.19"]
[EventType "swiss"]
[EventRounds "5"]
[EventCountry "ENG"]

1. d4 e6 2. c4 f5 3. Nc3 Nf6 4. Nf3 Bb4 5. a3 Bxc3+ 6. bxc3 O-O 7. e3 b6 8. Bd3
Bb7 9. O-O Qe8 10. a4 d6 11. Ba3 Ne4 12. Bxe4 fxe4 13. Nd2 Nd7 1/2-1/2

[Event "Uxbridge Major"]
[Site "Denham Grove"]
[Date "2010.03.21"]
[Round "5"]
[White "Brady, David"]
[Black "Connor, Michael I"]
[Result "1-0"]
[WhiteElo "1890"]
[BlackElo "1826"]
[PlyCount "95"]
[EventDate "2010.03.19"]
[EventType "swiss"]
[EventRounds "5"]
[EventCountry "ENG"]

1. d4 Nf6 2. Nf3 g6 3. c4 Bg7 4. Nc3 d5 5. e3 O-O 6. cxd5 Nxd5 7. Bc4 Nxc3 8.
bxc3 c5 9. Qb3 cxd4 10. cxd4 Nc6 11. Be2 b6 12. O-O Be6 13. Qa4 Bd5 14. Bb2 a5
15. Rac1 Qd6 16. Nd2 Qb4 17. Qxb4 Nxb4 18. a3 Na6 19. Rc2 Rfb8 20. Bb5 Bb7 21.
Rfc1 Rc8 22. Rxc8+ Rxc8 23. Rxc8+ Bxc8 24. Nc4 Nc7 25. Nxb6 Nxb5 26. Nxc8 e6
27. a4 Nc7 28. Bc3 Bf8 29. Bxa5 Nd5 30. Bd2 Ba3 31. Kf1 Kf8 32. Ke2 Ke8 33. Kd3
Kd7 34. Na7 Bd6 35. g3 e5 36. Nb5 Bb8 37. a5 Kc6 38. Kc4 e4 39. Nc3 Nxc3 40.
Bxc3 f5 41. d5+ Kb7 42. Kb5 h5 43. a6+ Ka8 44. Bd4 h4 45. Kc6 hxg3 46. hxg3 g5
47. d6 Bxd6 48. Kxd6 1-0

[Event "Uxbridge Major"]
[Site "Denham Grove"]
[Date "2010.03.21"]
[Round "5"]
[White "Dean, Michael"]
[Black "Jenkins, Graeme"]
[Result "0-1"]
[WhiteElo "1691"]
[BlackElo "1930"]
[PlyCount "64"]
[EventDate "2010.03.19"]
[EventType "swiss"]
[EventRounds "5"]
[EventCountry "ENG"]

1. e4 c5 2. Nc3 a6 3. f4 b5 4. Nf3 Bb7 5. d3 e6 6. g3 Nc6 7. Bg2 d6 8. O-O Nf6
9. f5 Qd7 10. fxe6 fxe6 11. Bh3 O-O-O 12. Nd5 Kb8 13. Ng5 Nxd5 14. exd5 Ne5 15.
Bxe6 Qe7 16. Nf7 Nxf7 17. Rxf7 Qe8 18. Bg5 Rc8 19. Qf1 h6 20. Bd2 Rc7 21. Rxc7
Kxc7 22. Ba5+ Kb8 23. Re1 Be7 24. Qe2 Bf6 25. c3 Qg6 26. Bd7 Bxd5 27. c4 Bd4+
28. Qe3 bxc4 29. Qxd4 cxd4 30. dxc4 Bxc4 31. Rc1 Qd3 32. b3 Qe3+ 0-1

[Event "Uxbridge Major"]
[Site "Denham Grove"]
[Date "2010.03.21"]
[Round "5"]
[White "Fisher, Robert"]
[Black "Kane, Robert"]
[Result "1/2-1/2"]
[WhiteElo "1818"]
[BlackElo "1885"]
[PlyCount "65"]
[EventDate "2010.03.19"]
[EventType "swiss"]
[EventRounds "5"]
[EventCountry "ENG"]

1. d4 Nf6 2. c4 e6 3. Nc3 Bb4 4. Qc2 Nc6 5. Nf3 d6 6. e3 O-O 7. Bd3 e5 8. d5
Bxc3+ 9. bxc3 Nb8 10. e4 Nxe4 11. Bxe4 f5 12. O-O fxe4 13. Qxe4 Bf5 14. Qe2 Bg4
15. Qe4 Bxf3 16. gxf3 Qf6 17. Kg2 Nd7 18. Rg1 Nc5 19. Qg4 Qf5 20. Be3 Nd3 21.
Kf1 g6 22. Rg3 b6 23. h4 Nf4 24. Bxf4 Qxf4 25. Rh3 h5 26. Qxf4 Rxf4 27. Re1 Kf7
28. Rh1 c6 29. dxc6 Rc8 30. Re4 Rxc6 31. Kg2 b5 32. cxb5 Rxc3 33. Rhe1 1/2-1/2

[Event "Uxbridge Major"]
[Site "Denham Grove"]
[Date "2010.03.21"]
[Round "5"]
[White "Greatorex, Roger"]
[Black "Sathiraju, Vijay"]
[Result "1-0"]
[WhiteElo "1954"]
[BlackElo "1740"]
[PlyCount "53"]
[EventDate "2010.03.19"]
[EventType "swiss"]
[EventRounds "5"]
[EventCountry "ENG"]

1. e4 e6 2. d4 d5 3. e5 c5 4. c3 Qb6 5. Nf3 Nc6 6. Bd3 Nh6 7. O-O cxd4 8. cxd4
Nf5 9. Bxf5 exf5 10. Nc3 Be6 11. Rb1 h6 12. h4 Be7 13. Ne2 Rd8 14. b3 O-O 15.
h5 Qa6 16. a3 Na5 17. Ng3 Rc8 18. Ne1 Nc6 19. b4 Qc4 20. Bb2 a5 21. bxa5 Nxa5
22. Qf3 Qb3 23. Nxf5 Bxf5 24. Qxf5 Bxa3 25. Bxa3 Qxa3 26. Nf3 Rc6 27. Qd7 1-0

[Event "Uxbridge Major"]
[Site "Denham Grove"]
[Date "2010.03.21"]
[Round "5"]
[White "Healeas, Simon"]
[Black "Jones, Steve"]
[Result "0-1"]
[WhiteElo "1850"]
[BlackElo "1830"]
[PlyCount "134"]
[EventDate "2010.03.19"]
[EventType "swiss"]
[EventRounds "5"]
[EventCountry "ENG"]

1. d4 Nf6 2. c4 e5 3. e3 Bb4+ 4. Nc3 Ne4 5. Qc2 d5 6. a3 Bxc3+ 7. bxc3 Bf5 8.
Qb2 b6 9. dxe5 O-O 10. Nf3 Nd7 11. cxd5 Ndc5 12. Bc4 Bg4 13. h3 Bxf3 14. gxf3
Ng5 15. Ke2 Nd7 16. f4 Ne4 17. Qc2 Ndc5 18. h4 Qd7 19. e6 fxe6 20. dxe6 Qe7 21.
Bd5 Nf6 22. Bxa8 Rxa8 23. f5 Nce4 24. Bb2 Qc5 25. Rhf1 Qxf5 26. Qb3 Nc5 27. Qd1
Nxe6 28. Ke1 Rd8 29. Qb3 Nd5 30. Rd1 Qe4 31. Rd4 Nxd4 32. cxd4 Qxh4 33. a4 Kh8
34. Qd3 Qe7 35. Rh1 h6 36. Kf1 Qb4 37. Ba3 Qxa4 38. Bc1 Qa1 39. Kg2 Qc3 40. Qf5
Ne7 41. Qf7 Qc6+ 42. f3 Qg6+ 43. Qxg6 Nxg6 44. Rh5 a5 45. Rb5 Ne7 46. Ba3 Nd5
47. Kf2 c6 48. Rb1 b5 49. Bc5 g5 50. Rc1 b4 51. Rc4 Re8 52. e4 Nf4 53. Bb6 Rb8
54. Rxc6 b3 55. Rxh6+ Kg7 56. Rh1 Rxb6 57. Ke3 b2 58. Rb1 a4 59. Kd2 a3 60. Kc2
Ng2 61. Rg1 Ne3+ 62. Kb1 Kf6 63. d5 Rb3 64. e5+ Kxe5 65. Rxg5+ Kd6 66. Rg1 Rd3
67. Ka2 Rd1 0-1

[Event "Uxbridge Major"]
[Site "Denham Grove"]
[Date "2010.03.21"]
[Round "5"]
[White "Jackson, Paul G"]
[Black "Osiyemi, Lara"]
[Result "1-0"]
[WhiteElo "1861"]
[BlackElo "1962"]
[PlyCount "107"]
[EventDate "2010.03.19"]
[EventType "swiss"]
[EventRounds "5"]
[EventCountry "ENG"]

1. d4 Nf6 2. c4 g6 3. f3 d5 4. cxd5 Nxd5 5. e4 Nf6 6. Nc3 Bg7 7. Be3 c5 8. dxc5
Qa5 9. Qa4+ Qxa4 10. Nxa4 O-O 11. O-O-O Be6 12. b3 b6 13. cxb6 axb6 14. Bb5 Ra5
15. Bd3 Nbd7 16. Bb1 b5 17. Nb6 Nxb6 18. Bxb6 Ra6 19. Be3 Rc8+ 20. Kd2 Nd7 21.
Ne2 b4 22. Ke1 h5 23. Kf2 h4 24. Nd4 Nf8 25. Nxe6 Nxe6 26. Rd7 Kf8 27. Rhd1 Be5
28. g3 hxg3+ 29. hxg3 Ke8 30. R7d5 Bc3 31. f4 f6 32. g4 Rd8 33. e5 Rxd5 34.
Rxd5 Kf7 35. f5 gxf5 36. gxf5 Ng7 37. e6+ Kg8 38. Rd7 Ra5 39. Rxe7 Nxf5 40.
Bxf5 Rxf5+ 41. Kg3 Ra5 42. Rb7 Ra8 43. Bc5 Be5+ 44. Kg4 Rxa2 45. Bxb4 Rg2+ 46.
Kf5 Rg5+ 47. Ke4 Rg4+ 48. Kd5 Rd4+ 49. Kc6 Rd1 50. Rd7 Rc1+ 51. Bc5 Ra1 52. e7
Ra6+ 53. Kd5 Kf7 54. Rd8 1-0

[Event "Uxbridge Major"]
[Site "Denham Grove"]
[Date "2010.03.21"]
[Round "5"]
[White "Liu, Tomin"]
[Black "Lawrence, David J"]
[Result "1/2-1/2"]
[WhiteElo "1818"]
[BlackElo "1722"]
[PlyCount "50"]
[EventDate "2010.03.19"]
[EventType "swiss"]
[EventRounds "5"]
[EventCountry "ENG"]

1. d4 e6 2. c4 Nf6 3. Nf3 d5 4. Nc3 Be7 5. Bg5 O-O 6. e3 b6 7. Rc1 Bb7 8. cxd5
Nxd5 9. Bxe7 Qxe7 10. Bd3 Rc8 11. O-O Nxc3 12. Rxc3 Nd7 13. Bb1 Nf6 14. Ne5 c5
15. f4 Nd5 16. Qd3 g6 17. Rcc1 cxd4 18. Qxd4 Rd8 19. Ng4 h5 20. Ne5 Nf6 21. Qc3
Nd5 22. Qe1 Rac8 23. Qg3 Nf6 24. Qg5 Nd5 25. Qg3 Nf6 1/2-1/2

[Event "Uxbridge Major"]
[Site "Denham Grove"]
[Date "2010.03.21"]
[Round "5"]
[White "Price, Michael C"]
[Black "Dias, Theodore"]
[Result "1/2-1/2"]
[WhiteElo "1906"]
[BlackElo "1765"]
[PlyCount "36"]
[EventDate "2010.03.19"]
[EventType "swiss"]
[EventRounds "5"]
[EventCountry "ENG"]

1. e4 c5 2. Nf3 Nc6 3. d4 cxd4 4. Nxd4 Nf6 5. Nc3 d6 6. Be3 Ng4 7. Nxc6 bxc6 8.
Bd2 Qb6 9. Qf3 Ne5 10. Qe3 Qxe3+ 11. Bxe3 g6 12. f4 Ng4 13. Bd2 Bg7 14. h3 Nf6
15. g4 Rb8 16. O-O-O Nxe4 17. Nxe4 Bxb2+ 18. Kb1 Ba3+ 1/2-1/2

[Event "Uxbridge Major"]
[Site "Denham Grove"]
[Date "2010.03.21"]
[Round "5"]
[White "Savage, Nicholas W"]
[Black "O'Gorman, Brendan"]
[Result "1-0"]
[WhiteElo "1996"]
[BlackElo "1830"]
[PlyCount "61"]
[EventDate "2010.03.19"]
[EventType "swiss"]
[EventRounds "5"]
[EventCountry "ENG"]

1. d4 d5 2. c4 c6 3. Nc3 dxc4 4. e4 b5 5. a4 b4 6. Nce2 Nf6 7. Ng3 e6 8. Bxc4
a5 9. Nf3 Ba6 10. Qe2 Qb6 11. O-O Be7 12. Be3 Bxc4 13. Qxc4 O-O 14. Rac1 Qa6
15. Ne5 Rc8 16. Rfd1 Qxc4 17. Rxc4 Nfd7 18. Nxd7 Nxd7 19. b3 Kf8 20. Rdc1 Ke8
21. Rxc6 Rxc6 22. Rxc6 Kd8 23. Kf1 Nf6 24. f3 Kd7 25. Rc2 Ra6 26. Ke2 h6 27.
Kd3 Bf8 28. Nf1 Be7 29. Nd2 Bf8 30. Nc4 Ra8 31. Nb6+ 1-0

[Event "Uxbridge Major"]
[Site "Denham Grove"]
[Date "2010.03.21"]
[Round "5"]
[White "Silverman, Michael J"]
[Black "Banda, Graham"]
[Result "1/2-1/2"]
[WhiteElo "1690"]
[BlackElo "1690"]
[PlyCount "67"]
[EventDate "2010.03.19"]
[EventType "swiss"]
[EventRounds "5"]
[EventCountry "ENG"]

1. e4 c5 2. d4 cxd4 3. c3 Nf6 4. Bd3 dxc3 5. Nxc3 e5 6. Nf3 d6 7. O-O Be7 8.
Qe2 O-O 9. Be3 Nc6 10. Rac1 Bg4 11. h3 Nd4 12. Bxd4 exd4 13. Nb5 Bxf3 14. Qxf3
Qb6 15. Qe2 Rac8 16. e5 dxe5 17. Qxe5 Bb4 18. a3 Bd2 19. Rxc8 Rxc8 20. Qxd4
Qxd4 21. Nxd4 Bc1 22. Bf5 Rc7 23. Nb5 Rc5 24. Nxa7 Bxb2 25. Rb1 Bxa3 26. Nb5
Bc1 27. g3 g6 28. Bd3 Ne8 29. Be4 b6 30. Kf1 f5 31. Bf3 Kf7 32. Nd4 Nd6 33.
Rxb6 Nc4 34. Rb7+ 1/2-1/2

[Event "Uxbridge Major"]
[Site "Denham Grove"]
[Date "2010.03.21"]
[Round "5"]
[White "Turner, David J"]
[Black "Corcoran, Gary"]
[Result "1/2-1/2"]
[WhiteElo "1825"]
[BlackElo "1866"]
[PlyCount "72"]
[EventDate "2010.03.19"]
[EventType "swiss"]
[EventRounds "5"]
[EventCountry "ENG"]

1. Nf3 d5 2. g3 c5 3. Bg2 Nc6 4. d3 e5 5. Nbd2 Nf6 6. e4 d4 7. Nc4 Qc7 8. a4
Be6 9. b3 h6 10. O-O g6 11. Bd2 Nh5 12. Ne1 Qd7 13. f4 Bg4 14. Bf3 Bh3 15. Rf2
exf4 16. gxf4 Nf6 17. Bg2 Bg4 18. Nf3 Be7 19. Qf1 Bxf3 20. Rxf3 Ng4 21. h3 Ne3
22. Nxe3 dxe3 23. Bxe3 Nd4 24. Bxd4 Qxd4+ 25. Kh1 Bh4 26. Rc1 O-O 27. Qg1 Rac8
28. Bf1 Qxg1+ 29. Kxg1 f5 30. e5 g5 31. Rd1 g4 32. Re3 h5 33. Bg2 b6 34. Bd5+
Kg7 35. Kg2 Rcd8 36. c4 Be7 1/2-1/2